F1 2024 Race Winners - Statistics

General Stats
  • This quiz has been taken 199 times
    86 since last reset
  • The average score is 23 of 24
Answer Stats
Hint Answer % Correct
Monaco GP Charles Leclerc
99%
Italy GP Charles Leclerc
99%
United States GP Charles Leclerc
99%
British GP Lewis Hamilton
99%
Belgium GP Lewis Hamilton
99%
Bahrain GP Max Verstappen
99%
Saudi Arabia GP Max Verstappen
99%
Japan GP Max Verstappen
99%
China GP Max Verstappen
99%
Emilia Romagna GP Max Verstappen
99%
Canada GP Max Verstappen
99%
Spain GP Max Verstappen
99%
Brazil GP Max Verstappen
99%
Qatar GP Max Verstappen
99%
Miami GP Lando Norris
97%
Netherlands GP Lando Norris
97%
Singapore GP Lando Norris
97%
Abu Dhabi GP Lando Norris
97%
Australia GP Carlos Sainz
96%
Mexico GP Carlos Sainz
96%
Hungary GP Oscar Piastri
96%
Azerbaijan GP Oscar Piastri
96%
Austria GP George Russell
91%
Las Vegas GP George Russell
91%
No matching quizzes found
Score Distribution
Percent of People with Each Score
Percentile by Number Answered
Your Score History
You have not taken this quiz since the last reset